000 00470cam a2200193ua 4500
001 11997
008 200102n ii |||gr||||Z||||||eng
020 _a9789380929958
040 _cMAIN
082 _a331.702
100 _a Laxmi Narayan.,
_eAuthor.
245 _aMAIN tips and planning
_cBy Laxmi Narayan
250 _a1st ed.
260 _aJaipur:
_bDND publication,
_c2016.
300 _a291p.
653 _aLabor economics
653 _aMAIN Tips
942 _cBK
999 _c10782
_d10782